| 000 | 01353cam a2200277zu 4500 | ||
|---|---|---|---|
| 001 | 45001631 | ||
| 003 | FRCYB45001631 | ||
| 005 | 20251020123654.0 | ||
| 006 | m o d | ||
| 007 | cr un | ||
| 008 | 251020s2005 fr | o|||||0|0|||fre d | ||
| 020 | _a9782100067251 | ||
| 035 | _aFRCYB45001631 | ||
| 040 |
_aFR-PaCSA _bfr _c _erda |
||
| 100 | 1 | _aMarsan, Christine | |
| 245 | 0 | 1 |
_aGérer les conflits _bde personnes - de management - d'organisation _c['Marsan, Christine'] |
| 264 | 1 |
_bDunod _c2005 |
|
| 300 | _a p. | ||
| 336 |
_btxt _2rdacontent |
||
| 337 |
_bc _2rdamdedia |
||
| 338 |
_bc _2rdacarrier |
||
| 650 | 0 | _a | |
| 700 | 0 | _aMarsan, Christine | |
| 856 | 4 | 0 |
_2Cyberlibris _uhttps://international.scholarvox.com/netsen/book/45001631 _qtext/html _a |
| 520 | _aLa gestion des conflits est une situation complexe trop souvent réduite à un simple problème relationnel. Cet ouvrage offre un panorama très complet des différents types de conflits : interpersonnels ; intergroupes ; multiculturels ; relatifs aux changements ; organisationnels. De nombreux conflits ne dépendent pas des personnes (ce qu'il est souvent bien commode de croire pour les dirigeants), mais du mode de management et de l'organisation qui favorisent les comportements de pouvoir ou de territoire au détriment des modes coopératifs. | ||
| 999 |
_c1554976 _d1554976 |
||